MARC

Tag First Indicator Second Indicator Subfields
LEADER 00000cam a2200000Ii 4500
001 in00003537813
006 m o d
007 cr cnu---unuuu
008 140814s1992 nyua ob 101 0 eng d
005 20260422215140.9
020 |a 9781489924445 (electronic bk.) 
020 |a 1489924442 (electronic bk.) 
020 |z 9781489924469 
024 7 |a 10.1007/978-1-4899-2444-5  |2 doi 
035 |a (OCoLC)886922443 
040 |a GW5XE  |b eng  |e rda  |e pn  |c GW5XE  |d UtOrBLW 
049 |a TXAM 
050 4 |a QP702.H4  |b H47 1992eb 
082 0 4 |a 612.1/15  |2 22 
245 0 0 |a Heparin and related polysaccharides /  |c edited by David A. Lane, Ingemar Björk, and Ulf Lindahl. 
264 1 |a New York :  |b Springer Science+Business Media,  |c [1992] 
264 4 |c ©1992 
300 |a 1 online resource (x, 374 pages) :  |b illustrations. 
336 |a text  |b txt  |2 rdacontent 
337 |a computer  |b c  |2 rdamedia 
338 |a online resource  |b cr  |2 rdacarrier 
490 1 |a Advances in Experimental Medicine and Biology,  |v volume 313 
500 |a "Proceedings of an international symposium ... held September 1-6, 1991, in Uppsala, Sweden"--title page verso. 
504 |a Includes bibliographical references and index. 
588 |a Description based on online resource; title from PDF title page (SpringerLink, viewed Aug. 14, 2014). 
650 0 |a Heparin  |v Congresses. 
650 0 |a Mucopolysaccharides  |v Congresses. 
650 2 |a Glycosaminoglycans  |v Congresses. 
650 2 |a Heparin  |v Congresses. 
650 6 |a Héparine  |x Congrès. 
650 6 |a Héparine. 
650 6 |a Glycosaminoglycanes  |x Congrès. 
650 7 |a Héparines  |x Congrès.  |2 ram 
650 7 |a Polysaccharides  |x Congrès.  |2 ram 
650 7 |a Anticoagulants  |x Congrès.  |2 ram 
650 7 |a Heparin.  |2 fast  |0 (OCoLC)fst00955179 
650 7 |a Mucopolysaccharides.  |2 fast  |0 (OCoLC)fst01028619 
655 7 |a Electronic books.  |2 local 
655 7 |a Conference proceedings.  |2 fast  |0 (OCoLC)fst01423772 
700 1 |a Lane, D. A.  |q (David A.),  |d 1949-  |e editor. 
700 1 |a Björk, Ingemar,  |e editor. 
700 1 |a Lindahl, Ulf,  |d 1939-  |e editor. 
710 2 |a SpringerLink (Online service) 
830 0 |a Advances in experimental medicine and biology ;  |v v. 313. 
856 4 0 |u http://proxy.library.tamu.edu/login?url=https://link.springer.com/10.1007/978-1-4899-2444-5  |z Connect to the full text of this electronic book  |t 0 
994 |a 92  |b TXA 
999 |a MARS 
999 f f |s cbc4329d-e72b-3520-865f-2b14e9fee3e2  |i c4557b90-91cd-39e0-b866-d1afe70c9f68  |t 0 
952 f f |a Texas A&M University  |b College Station  |c Electronic Resources  |s www_evans  |d Available Online  |t 0  |e QP702.H4 H47 1992eb  |h Library of Congress classification 
998 f f |a QP702.H4 H47 1992eb  |t 0  |l Available Online